| 000 | 01677nam a2200289 i 4500 | ||
|---|---|---|---|
| 001 | 193543 | ||
| 003 | ES-MaACL | ||
| 005 | 20250708203238.0 | ||
| 008 | 240105t2023 sp ||||| |||| 00| 0 spa d | ||
| 020 | _a9798851988493 | ||
| 040 |
_aES-MaACL _cES-MaACL |
||
| 100 |
_9234845 _aPeralta, Luna _eaut |
||
| 245 | 1 | 0 |
_aSilogismos tridimensionales : _baforismos / _cLuna Peralta |
| 260 | _a[S.l.] | ||
| 264 | 1 |
_a[Lugar no identificado] _bAmazon edition USA _c[2023] |
|
| 264 | 4 | _c@ 2023 | |
| 300 |
_a181 páginas ; _c23 cm |
||
| 520 | _a Este libro está dedicado a los incansables buscadores de la Verdad. En los tiempos que corren, con la falta de tiempo en la que nos vemos envueltos casi todos, que te resuman algunas claves básicas para la vida es algo que siempre se agradece. Sabemos que solo oirás lo que quieres oír, pero las demás frases te estarán esperando para cuando estés preparado para asimilarlas. Los aforismos aquí pueden ser considerados como píldoras de sabiduría que apaciguan el alma... su autora, como sanitaria que es, solo quiere ser remedio a tus necesidades. "Si saber cura, enseñar es un remedio". | ||
| 650 | 4 |
_aProsa española _yS.XXI _9235016 |
|
| 852 |
_aES-MaACL _bR.154897 _cDEPOJ _jN-9669 _hDonación: Luna Peralta _xEncuadernación rústica _9201165 _gDedicatoria autógrafa de la autora |
||
| 903 |
_9234845 _aPeralta, Luna _ednr |
||
| 942 |
_n0 _cMONOGRAFIA |
||
| 999 |
_c193543 _d193543 |
||